Podniková kultúra ako zdroj konkurenčnej výhody bakalárska práca

Salvato in:
Dettagli Bibliografici
Autore principale: Homolová, Monika
Ente Autore: Fakulta podnikového manažmentu EU. Katedra manažmentu
Altri autori: Roháľová-Ilkivová, Hana
Natura: Libro
Lingua:slovacco
Pubblicazione: Bratislava 2012
Tags: Aggiungi Tag
Nessun Tag, puoi essere il primo ad aggiungerne!!

MARC

LEADER 00000nbm a2200000 4500
001 0153931
005 20161109111815.5
041 0 |a slo 
044 |a SK 
245 1 0 |a Podniková kultúra ako zdroj konkurenčnej výhody  |b bakalárska práca  |c Monika Homolová ; školiteľ: Hana Roháľová-Ilkivová 
264 1 |a Bratislava  |c 2012 
300 |a 58 s. 
100 1 |a Homolová, Monika 
700 1 |a Roháľová-Ilkivová, Hana 
710 2 |a Fakulta podnikového manažmentu EU. Katedra manažmentu